Developing Onshore Shale Gas and Oil - Facts about 'Fracking' (Record no. 115088)

MARC details
000 -LEADER
fixed length control field 00965cad a22001935a 4500
001 - CONTROL NUMBER
control field L158032
008 - FIXED-LENGTH DATA ELEMENTS--GENERAL INFORMATION
fixed length control field 140130s2014 xxk f 000 0 eng d
035 ## - SYSTEM CONTROL NUMBER
System control number (Sirsi) u158032
041 0# - LANGUAGE CODE
Language code of text/sound track or separate title eng
110 2# - MAIN ENTRY--CORPORATE NAME
Corporate name or jurisdiction name as entry element United Kingdom
Subordinate unit Department of Energy and Climate Change
9 (RLIN) 5850
245 00 - TITLE STATEMENT
Title Developing Onshore Shale Gas and Oil - Facts about 'Fracking'
260 ## - PUBLICATION, DISTRIBUTION, ETC.
Place of publication, distribution, etc. London
Name of publisher, distributor, etc. DECC
Date of publication, distribution, etc. 2013
520 ## - SUMMARY, ETC.
Summary, etc. Information includes why shale gas could potentially be needed, how the extraction works, where shale gas and oil could be produced, how local communities are consulted and the safety of drilling sites. With links to further organisations and information.
590 ## - LOCAL NOTE (RLIN)
Local note KA
651 #4 - SUBJECT ADDED ENTRY--GEOGRAPHIC NAME
Geographic name United Kingdom
690 ## - LOCAL SUBJECT ADDED ENTRY--TOPICAL TERM (OCLC, RLIN)
Topical term or geographic name as entry element Minerals and waste
9 (RLIN) 6257
856 40 - ELECTRONIC LOCATION AND ACCESS
Uniform Resource Identifier <a href="https://www.gov.uk/government/uploads/system/uploads/attachment_data/file/270980/Developing_Onshore_Shale_Gas_and_Oil__Facts_about_Fracking_140113.pdf">https://www.gov.uk/government/uploads/system/uploads/attachment_data/file/270980/Developing_Onshore_Shale_Gas_and_Oil__Facts_about_Fracking_140113.pdf</a>
Public note View the item free of charge at www.gov.uk
942 ## - ADDED ENTRY ELEMENTS (KOHA)
Suppress in OPAC 0
Holdings
Withdrawn status Lost status Source of classification or shelving scheme Damaged status Not for loan Home library Current library Shelving location Date acquired Total Checkouts Full call number Barcode Date last seen Copy number Price effective from Koha item type
    Dewey Decimal Classification     Virtual Virtual Online 30/01/2014   ONLINE PUBLICATION 158032-2001 06/08/2019 1 06/08/2019 Book